02386cam a22004814i 4500003000900000005001700009008004100026020001500067035002700082040003300109049000900142082001800151100003400169245004700203264003400250300003800284336002100322337002500343338002300368490002700391504002800418505077200446526001001218526001001228526001001238526001001248526000801258526000801266526000801274526000801282526000801290526000801298526000801306630004501314700002701359942001401386949012401400994001401524596000601538999014901544980005501693952015601748PE-LiUPU20250731172941.0150623s r 000 0 d a0385028539 a(Sirsi) i9780385028530 aPE-LiUPUbspacPE-LiUPUerda aPRUA04a220.7bAB2211 aOrr, Willian Fridell,eautor.10aI Corinthians.n32 /cWilliam Fridell Orr. 1aNew York :bDoubleday,c1976. a388 páginas ;c24 centímetros atext2rdacontent aunmediated2rdamedia avolume2rdacarrier0 aThe Anchor Bible ;v32 aIncluye bibliografía.0 aAbsurdity of the claims. -Baptisms by Paul. - Saving power and perishing folly. -God's choice of the "nothing". -The spirits as revealer of God's wisdom. -Strife and immaturity. -Cooperative roles of leadership. - The lord as judge. -Standards of christian living. -Toleration of one having his " father's wife". -The kingdom of God and immorality. - Not to be joined to a prostitute. - Sexual intercourse. - The lord's charge against ultimate separation. - Believers not bound by broken marriages with unbelievers. - Marriage permissible the unmarried. - Love, not knwledg; the guiding principle. - His apostolic freedom. - The spirit of god and spiritual gifts. - The nature of the body of Christ. - Worthessnes of all gifts without love. - Tongues and unbelievers. aSEG42 aSEG41 aSEG40 aSEG39 aP94 aP87 aP86 aP85 aP77 aP76 aP35 aBiblia.pN.T.pCorintios IxComentarios.1 aWalther, James Arthur. 2ddccBOOK a220.7 AB 32wDEWEYc1i44562lCCODEBUL1mBULr0sYtBOOKu2015-6-24xTEOLOGIAPP350COMPRAo.STAFF. Colección General aC0bPEPRU a1 a220.7 AB 32wDEWEYc21448i44562f2021-11-9g6lCCODEBUL1mBULr0sYtBOOKu2015-6-24xTEOLOGIAPP350COMPRAo.STAFF. Colección Generald21448 81gALBERTO SANCHEZ Responsable de Automatización r2025-12-02 00:00:00i7l0o220.7 AB 32p44562te1w2015-06-24xFTyBKzinventario-2023-12-13102ddc50708GENfP35aBULbBULcGENd2015-06-24eCOMPRA